| 000 | 00534nam a2200157 a 4500 | ||
|---|---|---|---|
| 001 | ASIN938064230X | ||
| 005 | 20140530081920.0 | ||
| 008 | 140530s2012 xxu eng d | ||
| 020 | _a938064230X (hardcover) | ||
| 020 | _a9789380642307 (hardcover) | ||
| 100 | 1 | _aMATHEW, STEPHEN. | |
| 245 | 1 | 0 |
_aEveryday errors in english / _cSTEPHEN MATHEW. |
| 260 |
_a[S.l.] : _bDOMINANT PUBLISHERS AND DISTRIBUTORS, _c2012. |
||
| 300 | _a1 v. (unpaged) | ||
| 856 | 4 | 0 |
_3Amazon.com _uhttp://www.amazon.com/exec/obidos/ASIN/938064230X/chopaconline-20 |
| 999 |
_c4775 _d4775 |
||